000 00267nam a22001097a 4500
008 240710b |||||||| |||| 00| 0 eng d
100 _aMerchandani, Tara
_916775
245 _aKummyat Kali
260 _aBombay:
_bLok Sewa Mandal;
_c1964.
300 _a96p.
942 _cBK
999 _c39910
_d39910